Online
Catalog

Cumanda / (Record no. 7860)

MARC details
000 -CABECERA
campo de control de longitud fija 00689nam a2200205 a 4500
001 - NÚMERO DE CONTROL
campo de control 000008083
005 - FECHA Y HORA DE LA ÚLTIMA TRANSACCIÓN
campo de control 20200929154427.0
008 - DATOS DE LONGITUD FIJA--INFORMACIÓN GENERAL
campo de control de longitud fija 790625s1979 ec 000 0 spa
040 ## - FUENTE DE LA CATALOGACIÓN
Centro catalogador/agencia de origen DO-SdBNP
Lengua de catalogación spa
Centro/agencia transcriptor BNPHU
082 ## - NÚMERO DE LA CLASIFICACIÓN DECIMAL DEWEY
Número de clasificación E863.3
Número de documento/Ítem M552c
100 1# - ENTRADA PRINCIPAL--NOMBRE DE PERSONA
Nombre de persona León Mera, Juan
Fechas asociadas al nombre 1832-1894.
9 (RLIN) 21987
245 10 - MENCIÓN DE TÍTULO
Título Cumanda /
Mención de responsabilidad, etc. Juan León Mera ; introducción, Hernan Rodríguez Castelo.
260 ## - PUBLICACIÓN, DISTRIBUCIÓN, ETC.
Lugar de publicación, distribución, etc. Guayaquil, Quito, Ecuador :
Nombre del editor, distribuidor, etc. Publicaciones Educativas "Ariel",
Fecha de publicación, distribución, etc. [1979?].
300 ## - DESCRIPCIÓN FÍSICA
Extensión 197 p. ;
Dimensiones 18 cm.
490 0# - MENCIÓN DE SERIE
Mención de serie Clasicos Ariel
Designación de volumen o secuencia 16
500 ## - NOTA GENERAL
Nota general Incluye notas a pie de páginas.
650 #4 - PUNTO DE ACCESO ADICIONAL DE MATERIA--TÉRMINO DE MATERIA
Término de materia o nombre geográfico como elemento de entrada Novela chilena
9 (RLIN) 3163
650 #4 - PUNTO DE ACCESO ADICIONAL DE MATERIA--TÉRMINO DE MATERIA
Término de materia o nombre geográfico como elemento de entrada Literatura chilena
9 (RLIN) 3164
830 #0 - PUNTO DE ACCESO ADICIONAL DE SERIE-TÍTULO UNIFORME
Título uniforme Clasicos Ariel
Número de parte o sección de la obra 16
9 (RLIN) 21988
Holdings
Estado de retiro Estado de pérdida Restricciones de uso No para préstamo Código de colección Localización permanente Ubicación/localización actual Ubicación en estantería Fecha de adquisición Número de inventario Total de préstamos Signatura topográfica completa Código de barras Fecha visto por última vez Precio válido a partir de Tipo de ítem Koha Número de copia
    Préstamo interno   Monografías: Libros y Folletos General General Depósito 14.09.2009 LF1   E863.3 M552c 8083-10 25.06.2020 25.06.2020 Préstamo interno  
  Extraviado   Excluido de préstamo Monografías: Libros y Folletos General General Extraviado 03.04.2017 LF1   E863.3 M552c 8083-20 25.06.2020 25.06.2020 No se presta e. 2

Powered by Koha